000 00909nam a2200301 4500
001 0000020227
003 CO-CtgCURN
005 20250429224539.0
007 ta
008 160627s2011 000 0 eng d
020 _a9789584225665
040 _aCO-CtgCURN
_bspa
_ccoctgcurn
082 0 _a813.5
_bB979
100 1 _aBushnell, Candance.
245 1 0 _aMujeres de Manhattan /
_cCandance Bushnell , traductor, Montse Triviño.
260 _aBogotá :
_bPlaneta,
_c2011.
300 _a482 p.
336 _2rdacontent
337 _2rdamedia
_asin mediacion
_bn
338 _2rdacarrier
_avolumen
_bnc
490 1 _aCool woman
500 _aIncluye biografia del autor al inicio del libro.
534 _aLipstick jungle.
650 1 4 _aNovela estadounidense
_ySiglo XX.
908 _a160627
942 _cBK
_h813.5
_iB979
_2ddc
999 _c8680
_d8680